00510nam a2200193 a 4500001001300000003000900013005001700022008004100039020001000080082001300090100001900103245005100122260004300173300000900216500003500225505001000260650002700270700001900297nice12345678IN_TiNIC20260116014513.0090129s2008 boma grp 000 0 eng  ac37500a954bNUR aNurul Hasan, S aReligion, State, and Society in Medieval India aBombay bOxford University Pressc2008 a335p aincludes index and biblioraphy2 aindex aHistory-India-medieval1 aNurul Hasan, S